কবিকঙ্কণ - চন্ডী / (Record no. 40090)
[ view plain ]
| 000 -LEADER | |
|---|---|
| fixed length control field | 00918nam a2200241 a 4500 |
| 001 - CONTROL NUMBER | |
| control field | 40090 |
| 003 - CONTROL NUMBER IDENTIFIER | |
| rucl marc code | BD-RjUL |
| 005 - DATE AND TIME OF LATEST TRANSACTION | |
| control field | 20211209053131.0 |
| 008 - FIXED-LENGTH DATA ELEMENTS--GENERAL INFORMATION | |
| fixed length control field | 160421s1993 ii ||||| |||| 00| 0 ben d |
| 020 ## - INTERNATIONAL STANDARD BOOK NUMBER | |
| International Standard Book Number | 8170794250 (V-1) |
| Terms of availability | : IRs.65.00 |
| 035 ## - SYSTEM CONTROL NUMBER | |
| System control number | (BD-RjUL)40205 |
| 040 ## - CATALOGING SOURCE | |
| Original cataloging agency | BD-RjUL |
| Language of cataloging | ben |
| Transcribing agency | BD-RjUL |
| 041 ## - LANGUAGE CODE | |
| Language code of text/sound track or separate title | ben |
| 082 ## - DEWEY DECIMAL CLASSIFICATION NUMBER | |
| Edition number | 23 |
| Classification number | 294.5 |
| Author mark and year | MUK 1993 |
| 100 ## - MAIN ENTRY--PERSONAL NAME | |
| Personal name | মুকুন্দের, কবিকঙ্কণ |
| 9 (RLIN) | 123453 |
| 245 10 - TITLE STATEMENT | |
| Title | কবিকঙ্কণ - চন্ডী / |
| Statement of responsibility, etc. | কবিকঙ্কণ মুকুন্দের, সম্পাদনা : ক্ষুদিরাম দাস |
| 260 ## - PUBLICATION, DISTRIBUTION, ETC. (IMPRINT) | |
| Place of publication, distribution, etc. | কলকাতা : |
| Name of publisher, distributor, etc. | দে জ পাবলিশিং, |
| Date of publication, distribution, etc. | ১৯৯৩ |
| 300 ## - PHYSICAL DESCRIPTION | |
| Pagination | ৩১৫ পৃ. ; |
| Size | ২১ সেমি. |
| 650 ## - SUBJECT ADDED ENTRY--TOPICAL TERM | |
| Topical term or geographic name as entry element | হিন্দু |
| 9 (RLIN) | 123454 |
| Topical term or geographic name as entry element | Hindusim |
| 9 (RLIN) | 123455 |
| 700 ## - ADDED ENTRY--PERSONAL NAME | |
| Personal name | দাস, ক্ষুদিরাম |
| 942 ## - ADDED ENTRY ELEMENTS (KOHA) | |
| Source of classification or shelving scheme | Dewey Decimal Classification |
| Koha item type | Books |
| Lost status | Source of classification or shelving scheme | Damaged status | Not for loan | Collection code | Permanent Location | Current Location | Shelving location | Date acquired | Source of acquisition | Cost, normal purchase price | Total Checkouts | Full call number | Date last seen | Copy number | Koha item type |
|---|---|---|---|---|---|---|---|---|---|---|---|---|---|---|---|
| Dewey Decimal Classification | Non-fiction | Central Library, University of Rajshahi | Central Library, University of Rajshahi | Reading Room | 21/12/1986 | Aunkur Prakashani, Dhaka. | 65.00 | B 294.5 MUK 1993 | 21/04/2016 | C-2 | Books |